[Event "Pinneberg-ch"]
[Site "Pinneberg"]
[Date "2018.08.23"]
[Round "2"]
[White "Assmus, Edgar"]
[Black "Zupke, Julian"]
[Result "1-0"]
[WhiteElo "1523"]
[BlackElo "1408"]
[PlyCount "83"]
[EventDate "2018.08.16"]
[EventType "swiss"]
[EventRounds "7"]
[EventCountry "GER"]
[SourceTitle "EXT 2019"]
[Source "ChessBase"]
[SourceDate "2018.10.10"]
[SourceVersion "1"]
[SourceVersionDate "2018.10.10"]
[SourceQuality "1"]

1. d4 Nf6 2. c4 g6 3. Nc3 Bg7 4. e4 d6 5. Nf3 0-0 6. Bd3 Na6 7. a3 e5 8. d5 Nc5 9. Bc2 a5 10. h3 Bd7 11. Qe2 c6 12. Be3 cxd5 13. cxd5 Qb6 14. 0-0 Qxb2 15. Bxc5 dxc5 16. Qd2 Bh6 17. Qxh6 Qxc3 18. Rfc1 Qb2 19. Qg5 Nh5 20. Qxe5 Qxe5 21. Nxe5 Bc8 22. Ba4 Nf6 23. f3 b6 24. Bc6 Rb8 25. Rab1 Rd8 26. Nc4 Nd7 27. Bxd7 Bxd7 28. Rxb6 a4 29. Rcb1 Ra8 30. Kf2 Kf8 31. f4 f5 32. e5 Bc8 33. Nd6 Bd7 34. e6 Be8 35. Rc1 Rab8 36. Rxb8 Rxb8 37. Rxc5 Rb2+ 38. Kg1 Rb1+ 39. Kh2 Ra1 40. Nxe8 Kxe8 41. d6 Kd8 42. Ra5 1-0

[Event "Pinneberg op Seniors 13th"]
[Site "Pinneberg"]
[Date "2012.07.12"]
[Round "4"]
[White "Assmus, Edgar"]
[Black "Dangelowski, Peter"]
[Result "1/2-1/2"]
[WhiteElo "1694"]
[BlackElo "1680"]
[PlyCount "116"]
[EventDate "2012.06.21"]
[EventType "swiss"]
[EventRounds "7"]
[EventCountry "GER"]
[SourceTitle "EXT 2013"]
[Source "ChessBase"]
[SourceDate "2012.11.22"]
[SourceVersion "1"]
[SourceVersionDate "2012.11.22"]
[SourceQuality "1"]

1. c4 e5 2. Nc3 d6 3. e4 Nc6 4. d3 Nf6 5. g3 g6 6. Bg2 Bg7 7. Nge2 0-0 8. 0-0 h5 9. Bg5 Qd7 10. h3 Nh7 11. Be3 b6 12. Qd2 Nd4 13. f4 Bb7 14. Rf2 a6 15. Raf1 f5 16. Bxd4 exd4 17. Nd1 Rae8 18. exf5 Bxg2 19. Kxg2 Qxf5 20. Ng1 Re7 21. Nf3 Bf6 22. Re2 Rfe8 23. Rfe1 c5 24. Rxe7 Rxe7 25. Rxe7 Bxe7 26. Qe2 Kf7 27. Nf2 h4 28. Qe4 Qxe4 29. dxe4 hxg3 30. Kxg3 Nf6 31. Nd3 Nd7 32. Nd2 Nf6 33. b4 Nh5+ 34. Kg4 Nf6+ 35. Kf3 Ke6 36. bxc5 bxc5 37. Nf1 Nd7 38. Ng3 Nb6 39. f5+ gxf5 40. exf5+ Kf6 41. Nb2 Ke5 42. Kg4 Kf6 43. h4 d5 44. cxd5 Nxd5 45. Nc4 Kf7 46. h5 Kg7 47. Ne4 Nc3 48. Nxc3 dxc3 49. Ne3 Bf6 50. Kf4 Bd4 51. Nc2 Bf6 52. Ke4 Kh6 53. Kd5 Kxh5 54. Kxc5 Kg5 55. Kb6 Kxf5 56. Kxa6 Ke4 57. Kb5 Kd3 58. Na1 c2 1/2-1/2

[Event "Pinneberg op Seniors 13th"]
[Site "Pinneberg"]
[Date "2012.06.28"]
[Round "2"]
[White "Assmus, Edgar"]
[Black "Stoffregen, Heinrich"]
[Result "1-0"]
[WhiteElo "1694"]
[BlackElo "1153"]
[PlyCount "55"]
[EventDate "2012.06.21"]
[EventType "swiss"]
[EventRounds "7"]
[EventCountry "GER"]
[SourceTitle "EXT 2013"]
[Source "ChessBase"]
[SourceDate "2012.11.22"]
[SourceVersion "1"]
[SourceVersionDate "2012.11.22"]
[SourceQuality "1"]

1. c4 Nf6 2. d4 d5 3. e3 Nc6 4. Nc3 Bf5 5. Nf3 e6 6. a3 h6 7. b3 g5 8. h3 Ne4 9. Bb2 g4 10. hxg4 Bxg4 11. Be2 Be7 12. Nxe4 dxe4 13. Nd2 Bxe2 14. Qxe2 f5 15. 0-0-0 Kd7 16. d5 exd5 17. Nb1 Bf6 18. Rxd5+ Ke6 19. Rxd8 Bxb2+ 20. Kxb2 Raxd8 21. Nc3 a6 22. Nd5 Rh7 23. g4 Ne5 24. gxf5+ Kf7 25. Qh5+ Kf8 26. Qh4 Nf7 27. Qe7+ Kg8 28. Nf6+ 1-0

[Event "Pinneberg op Seniors 13th"]
[Site "Pinneberg"]
[Date "2012.06.21"]
[Round "1"]
[White "Koch, Uwe"]
[Black "Assmus, Edgar"]
[Result "0-1"]
[WhiteElo "1320"]
[BlackElo "1694"]
[PlyCount "90"]
[EventDate "2012.06.21"]
[EventType "swiss"]
[EventRounds "7"]
[EventCountry "GER"]
[SourceTitle "EXT 2013"]
[Source "ChessBase"]
[SourceDate "2012.11.22"]
[SourceVersion "1"]
[SourceVersionDate "2012.11.22"]
[SourceQuality "1"]

1. d4 d6 2. Nf3 g6 3. e4 Bg7 4. c3 Nf6 5. Bd3 0-0 6. Be3 a6 7. Nbd2 b5 8. 0-0 Ng4 9. Re1 Nd7 10. Bf4 e5 11. Bg3 h6 12. h3 Ngf6 13. Rc1 Nh5 14. Bh2 Nf4 15. Bxf4 exf4 16. c4 b4 17. b3 c5 18. d5 Qe7 19. Bb1 g5 20. Nh2 Bc3 21. Re2 Ne5 22. Ndf3 Ng6 23. Ne1 Bd7 24. Bd3 Rae8 25. Nef3 Kh8 26. Kh1 Rg8 27. Ng4 Qf8 28. Nf6 Bxf6 29. g4 fxg3 30. fxg3 Bxh3 31. Rh2 Bg4 32. Kg2 Ne5 33. Qf1 Rg6 34. Nxe5 Bxe5 35. Be2 Bxe2 36. Qxe2 Qg7 37. Rch1 Qf6 38. Rf1 Qg7 39. Qg4 f6 40. Rh5 Qe7 41. Qf5 Kg7 42. g4 Bf4 43. Kf3 Qe5 44. Rfh1 Qc3+ 45. Kg2 Qg3+ 0-1

[Event "Pinneberg op Seniors 12th"]
[Site "Pinneberg"]
[Date "2011.07.28"]
[Round "7"]
[White "Assmus, Edgar"]
[Black "Brueckner, Gerhard"]
[Result "1/2-1/2"]
[WhiteElo "1655"]
[BlackElo "1767"]
[PlyCount "42"]
[EventDate "2011.06.16"]
[EventType "swiss"]
[EventRounds "7"]
[EventCountry "GER"]
[SourceTitle "EXT 2012"]
[Source "ChessBase"]
[SourceDate "2011.11.24"]
[SourceVersion "1"]
[SourceVersionDate "2011.11.24"]
[SourceQuality "1"]

1. c4 Nf6 2. Nc3 e5 3. g3 Bc5 4. Bg2 c6 5. e3 0-0 6. Nge2 Na6 7. a3 Be7 8. 0-0 Nc7 9. d4 exd4 10. exd4 d5 11. c5 Bf5 12. h3 Qd7 13. Kh2 Rad8 14. b4 Ne4 15. f3 Nxc3 16. Nxc3 Bf6 17. Be3 Ne6 18. Bf2 Qc7 19. Ra2 b6 20. Rb2 bxc5 21. bxc5 Nxc5 1/2-1/2

[Event "Pinneberg op Seniors 12th"]
[Site "Pinneberg"]
[Date "2011.06.16"]
[Round "1"]
[White "Assmus, Edgar"]
[Black "Koch, Uwe"]
[Result "1-0"]
[WhiteElo "1655"]
[BlackElo "1352"]
[PlyCount "77"]
[EventDate "2011.06.16"]
[EventType "swiss"]
[EventRounds "7"]
[EventCountry "GER"]
[SourceTitle "EXT 2012"]
[Source "ChessBase"]
[SourceDate "2011.11.24"]
[SourceVersion "1"]
[SourceVersionDate "2011.11.24"]
[SourceQuality "1"]

1. c4 c6 2. d4 d5 3. e3 Nf6 4. Nc3 e6 5. a3 a5 6. Qc2 Be7 7. b3 0-0 8. Be2 Bd7 9. f4 Na6 10. Nf3 Nc7 11. 0-0 c5 12. h3 Bc6 13. Ne5 Nd7 14. Nxc6 bxc6 15. g4 f5 16. Bf3 Rf7 17. Qg2 Qe8 18. Kh1 g6 19. g5 Kh8 20. Qh2 Qf8 21. Bd2 h6 22. gxh6 Qxh6 23. Bg2 Rh7 24. Rf3 Bd6 25. Ne2 Nf6 26. dxc5 Bxc5 27. Bc3 Rf7 28. Qg3 Kg8 29. Be5 Ne4 30. Qe1 Ne8 31. cxd5 exd5 32. Rc1 Bf8 33. Rxc6 g5 34. fxg5 Nxg5 35. Rg3 Bg7 36. Bf4 Bf6 37. Rxf6 Kh7 38. Bxg5 Qh5 39. Bf3 1-0

[Event "Pinneberg-ch"]
[Site "Pinneberg"]
[Date "2009.10.08"]
[Round "7"]
[White "Assmus, Edgar"]
[Black "Kurzynsky, Mirko"]
[Result "0-1"]
[WhiteElo "1940"]
[BlackElo "2014"]
[PlyCount "48"]
[EventDate "2009.08.27"]
[EventType "swiss"]
[EventRounds "7"]
[EventCountry "GER"]
[SourceTitle "EXT 2012"]
[Source "ChessBase"]
[SourceDate "2011.11.24"]
[SourceVersion "1"]
[SourceVersionDate "2011.11.24"]
[SourceQuality "1"]

1. c4 Nf6 2. Nc3 e5 3. e4 Bc5 4. h3 0-0 5. d3 c6 6. Bg5 d6 7. Qd2 h6 8. Bh4 Nxe4 9. Nxe4 Qxh4 10. Nxc5 dxc5 11. Nf3 Qf6 12. Be2 Bf5 13. Qe3 Nd7 14. g4 Bg6 15. h4 Rfe8 16. g5 Qf4 17. h5 Qxe3 18. fxe3 Bxd3 19. gxh6 gxh6 20. Kd2 Bh7 21. Nh2 Rad8 22. Kc3 Nf6 23. Rad1 Kf8 24. Rhf1 Ne4+ 0-1

[Event "Pinneberg-ch"]
[Site "Pinneberg"]
[Date "2009.09.03"]
[Round "2"]
[White "Assmus, Edgar"]
[Black "Hamann, Frank"]
[Result "0-1"]
[WhiteElo "1940"]
[BlackElo "1918"]
[PlyCount "72"]
[EventDate "2009.08.27"]
[EventType "swiss"]
[EventRounds "7"]
[EventCountry "GER"]
[SourceTitle "EXT 2012"]
[Source "ChessBase"]
[SourceDate "2011.11.24"]
[SourceVersion "1"]
[SourceVersionDate "2011.11.24"]
[SourceQuality "1"]

1. d4 Nf6 2. c4 g6 3. Nc3 d5 4. cxd5 Nxd5 5. e4 Nxc3 6. bxc3 Bg7 7. f4 c5 8. Nf3 0-0 9. Be2 cxd4 10. cxd4 Bg4 11. Be3 Nc6 12. e5 Qa5+ 13. Qd2 Qxd2+ 14. Nxd2 Be6 15. 0-0 Rfd8 16. Nf3 Nb4 17. Rfc1 Rac8 18. Kf2 Nxa2 19. Rcb1 Rc2 20. Rxb7 Nc3 21. Ng1 Bg4 22. Re1 a5 23. h3 Bf5 24. g4 Bd3 25. Kf1 Nxe2 26. Nxe2 e6 27. Kf2 Bf8 28. Kf3 Bb4 29. Nc1 Bc4 30. Rxb4 axb4 31. f5 b3 32. Ke4 exf5+ 33. gxf5 gxf5+ 34. Kxf5 b2 35. Rg1+ Kf8 36. Bh6+ Ke8 0-1

[Event "Hamburg-ch Seniors op 15th"]
[Site "Hamburg"]
[Date "2008.10.31"]
[Round "5"]
[White "Assmus, Edgar"]
[Black "Bobzin, Volker"]
[Result "0-1"]
[WhiteElo "1734"]
[BlackElo "1527"]
[PlyCount "78"]
[EventDate "2008.10.27"]
[EventType "swiss"]
[EventRounds "9"]
[EventCountry "GER"]
[SourceTitle "EXT 2022"]
[Source "ChessBase"]
[SourceDate "2021.10.06"]
[SourceVersion "1"]
[SourceVersionDate "2021.10.06"]
[SourceQuality "1"]

1. e4 e5 2. Nc3 Nf6 3. d3 Be7 4. g3 c6 5. Bg2 d6 6. Nge2 Bg4 7. h3 Bh5 8. g4 Bg6 9. Ng3 h6 10. Qe2 Na6 11. Be3 Nc7 12. a3 Ne6 13. Qd2 Nh7 14. Nge2 Bg5 15. 0-0-0 Bxe3 16. fxe3 Qg5 17. Rdg1 0-0-0 18. Bf1 Qe7 19. h4 f6 20. Kb1 Nhf8 21. Ng3 Nc7 22. Nf5 Bxf5 23. gxf5 Rg8 24. h5 Nh7 25. Bg2 Ng5 26. d4 d5 27. Re1 Rge8 28. exd5 cxd5 29. Qf2 e4 30. Bh3 Rd6 31. Bg4 Rb6 32. Ka1 Qd6 33. Be2 Rc6 34. Bb5 Rxc3 35. Bxe8 Nxe8 36. bxc3 Qxa3+ 37. Kb1 Qxc3 38. Qf1 Nd6 39. Re2 Nc4 0-1

[Event "Pinneberg op Seniors 08th"]
[Site "Pinneberg"]
[Date "2007.07.12"]
[Round "4"]
[White "Brueckner, Gerhard"]
[Black "Assmus, Edgar"]
[Result "1-0"]
[WhiteElo "1851"]
[BlackElo "1695"]
[PlyCount "57"]
[EventDate "2007.06.21"]
[EventType "swiss"]
[EventRounds "5"]
[EventCountry "GER"]
[SourceTitle "EXT 2011"]
[Source "ChessBase"]
[SourceDate "2010.11.26"]
[SourceVersion "1"]
[SourceVersionDate "2010.11.26"]
[SourceQuality "1"]

1. e4 e6 2. b3 d5 3. Bb2 d4 4. Nf3 c5 5. Bd3 Nc6 6. e5 Qc7 7. Qe2 Nge7 8. c3 dxc3 9. Nxc3 a6 10. Rc1 b6 11. 0-0 Ng6 12. Na4 Qa7 13. Be4 Bb7 14. d4 Rc8 15. d5 Nf4 16. Qe3 Nxd5 17. Bxd5 exd5 18. Qg5 h6 19. Qg4 Ne7 20. Rfe1 d4 21. e6 f6 22. Nxd4 h5 23. Qe2 b5 24. Nxc5 Rxc5 25. Rxc5 Qxc5 26. Rc1 Qb6 27. Qd3 Rh6 28. Nf5 Qxe6 29. Nd6+ 1-0

[Event "Hamburg-ch Seniors op 13th"]
[Site "Hamburg"]
[Date "2006.10.28"]
[Round "2"]
[White "Kock, Rudolf"]
[Black "Assmus, Edgar"]
[Result "0-1"]
[WhiteElo "1380"]
[BlackElo "1707"]
[PlyCount "35"]
[EventDate "2006.10.27"]
[EventType "swiss"]
[EventRounds "9"]
[EventCountry "GER"]
[SourceTitle "EXT 2022"]
[Source "ChessBase"]
[SourceDate "2021.10.06"]
[SourceVersion "1"]
[SourceVersionDate "2021.10.06"]
[SourceQuality "1"]

1. f4 d5 2. b3 c5 3. Bb2 Nc6 4. e3 Nf6 5. Nf3 e6 6. Bb5 Be7 7. 0-0 Qb6 8. Bxc6+ bxc6 9. a4 Ba6 10. a5 Qb7 11. Rf2 Ne4 12. Ne5 Nxf2 13. Kxf2 Bf6 14. d4 Bxe5 15. fxe5 cxd4 16. Qxd4 0-0 17. Ra4 f6 18. Ba3 0-1

[Event "Hamburg Robinow op"]
[Site "Hamburg"]
[Date "2005.10.03"]
[Round "3"]
[White "Assmus, Edgar"]
[Black "Klimanek, Rainer"]
[Result "1/2-1/2"]
[WhiteElo "1663"]
[BlackElo "1538"]
[PlyCount "86"]
[EventDate "2005.10.01"]
[EventType "swiss"]
[EventRounds "9"]
[EventCountry "GER"]
[SourceTitle "CBM 108 Extra"]
[Source "ChessBase"]
[SourceDate "2005.11.04"]
[SourceVersion "1"]
[SourceVersionDate "2005.11.04"]
[SourceQuality "1"]

1. d4 Nf6 2. c4 d5 3. cxd5 Nxd5 4. e4 Nf6 5. Nc3 e5 6. d5 Bc5 7. Be2 0-0 8. Nf3 Re8 9. 0-0 c6 10. Bg5 h6 11. Bh4 Bg4 12. h3 Bxf3 13. Bxf3 Be7 14. Qb3 b6 15. Rad1 cxd5 16. Bxf6 Bxf6 17. Rxd5 Qe7 18. Rfd1 Nc6 19. Rd7 Qe6 20. Qxe6 Rxe6 21. Bg4 Ree8 22. Nb5 Rad8 23. R1d5 Rxd7 24. Rxd7 Rd8 25. a3 Rxd7 26. Bxd7 Nb8 27. Bg4 a6 28. Nc7 Bd8 29. Nd5 Nc6 30. Bd1 Ne7 31. Ne3 Kf8 32. Kf1 Nc6 33. b3 Nd4 34. f3 Ke7 35. Nd5+ Kd6 36. Kf2 f5 37. g3 g5 38. Nb4 a5 39. Nd3 f4 40. a4 Ne6 41. b4 axb4 42. Nxb4 Kc5 43. Nd5 Nc7 1/2-1/2

[Event "Pinneberg-ch"]
[Site "Pinneberg"]
[Date "2004.09.16"]
[Round "6"]
[White "Hofschroer, Joachim"]
[Black "Assmus, Edgar"]
[Result "0-1"]
[WhiteElo "1563"]
[BlackElo "1732"]
[PlyCount "76"]
[EventDate "2004.08.12"]
[EventType "swiss"]
[EventRounds "7"]
[EventCountry "GER"]
[SourceTitle "EXT 2005"]
[Source "ChessBase"]
[SourceDate "2004.11.15"]
[SourceVersion "1"]
[SourceVersionDate "2004.11.15"]
[SourceQuality "1"]

1. e4 e6 2. d3 g6 3. Nd2 Bg7 4. Ngf3 c5 5. g3 Nc6 6. Bg2 Nge7 7. 0-0 Qc7 8. Re1 0-0 9. c3 e5 10. Nf1 d6 11. Bg5 h6 12. Be3 Kh7 13. h4 Be6 14. N1h2 Qd7 15. d4 d5 16. dxc5 dxe4 17. Qxd7 Bxd7 18. Nd2 f5 19. Nc4 Be6 20. Nd6 Rab8 21. a3 Bb3 22. f4 exf3 23. Nxf3 Nd5 24. Nd2 Nxe3 25. Bxc6 bxc6 26. Rxe3 Bc2 27. b4 e4 28. Rf1 Bd3 29. Rc1 g5 30. hxg5 hxg5 31. g4 f4 32. Rh3+ Kg6 33. N2xe4 f3 34. Kf2 Rf4 35. Nd2 Be2 36. Nxf3 Bd3 37. Kg3 Rbf8 38. Ne5+ Bxe5 0-1

[Event "Pinneberg-ch"]
[Site "Pinneberg"]
[Date "2004.08.12"]
[Round "1"]
[White "Assmus, Edgar"]
[Black "Kuhn, Gerd"]
[Result "0-1"]
[WhiteElo "1732"]
[BlackElo "2232"]
[PlyCount "84"]
[EventDate "2004.08.12"]
[EventType "swiss"]
[EventRounds "7"]
[EventCountry "GER"]
[SourceTitle "EXT 2005"]
[Source "ChessBase"]
[SourceDate "2004.11.15"]
[SourceVersion "1"]
[SourceVersionDate "2004.11.15"]
[SourceQuality "1"]

1. c4 g6 2. e4 Bg7 3. Nc3 c5 4. g3 Nc6 5. Bg2 d6 6. Nge2 Bd7 7. d3 Qc8 8. Be3 Nd4 9. Qd2 Bh3 10. 0-0 Bxg2 11. Kxg2 a6 12. Rab1 h5 13. h4 e6 14. b4 Nxe2 15. Nxe2 Nf6 16. f3 Nd7 17. f4 f5 18. bxc5 Nxc5 19. Rb6 0-0 20. Rfb1 Rd8 21. Kf3 Rb8 22. Bxc5 Qxc5 23. Qb4 fxe4+ 24. dxe4 Rbc8 25. Qxc5 Rxc5 26. Rxb7 Rxc4 27. Re7 d5 28. e5 Rf8 29. Rxe6 Ra4 30. Rbb6 Ra3+ 31. Kf2 Rxa2 32. Rbd6 Rb8 33. Rb6 Rxb6 34. Rxb6 a5 35. Rxg6 d4 36. Rd6 Bf8 37. Rd5 a4 38. f5 a3 39. Kf3 Rd2 40. Rxd4 a2 41. Ra4 Rd3+ 42. Ke4 Ra3 0-1

[Event "GER-chT Seniors 09th"]
[Site "Halle"]
[Date "2000.08.26"]
[Round "7.4"]
[White "Assmus, Edgar"]
[Black "Herzel, Alois"]
[Result "0-1"]
[WhiteElo "1885"]
[BlackElo "1806"]
[PlyCount "112"]
[EventDate "2000.08.20"]
[EventType "team"]
[EventRounds "7"]
[EventCountry "GER"]
[SourceTitle "EXT 2002"]
[Source "ChessBase"]
[SourceDate "2001.11.25"]
[SourceVersion "1"]
[SourceVersionDate "2001.11.25"]
[SourceQuality "1"]

1. d4 Nf6 2. c4 e6 3. Nc3 d5 4. e3 Nbd7 5. Nf3 c6 6. Bd3 dxc4 7. Bxc4 b5 8. Be2 Bb7 9. 0-0 b4 10. Na4 c5 11. b3 cxd4 12. Qxd4 Be7 13. Rd1 Bc6 14. Nb2 Qb6 15. Nc4 Qxd4 16. Nxd4 Bd5 17. Bb2 0-0 18. f3 Rfc8 19. Kf1 Bxc4 20. Bxc4 Nb6 21. Rac1 Nxc4 22. Rxc4 Rxc4 23. bxc4 Rc8 24. Rc1 Nd7 25. Nb3 Nc5 26. Ke2 f6 27. f4 Kf7 28. Bd4 Rc7 29. Rc2 h6 30. g4 g5 31. h3 Kg6 32. Kf3 f5 33. Be5 Rd7 34. Nd4 Nd3 35. Rd2 Nxe5+ 36. fxe5 Bc5 37. Ke2 f4 38. Nxe6 Rxd2+ 39. Kxd2 Bxe3+ 40. Kd3 Kf7 41. Nd8+ Ke8 42. Nc6 Bc5 43. Ke4 Kd7 44. Na5 Bb6 45. Nb3 a5 46. Nc1 a4 47. Nd3 b3 48. axb3 axb3 49. c5 Ba5 50. Kd4 f3 51. Ke3 Bc3 52. Kxf3 b2 53. Nxb2 Bxb2 54. Ke4 Ke6 55. c6 Bxe5 56. Kf3 Kd5 0-1